LEADER 00604nam2 22002291i 450 001 990007810620403321 035 $a000781062 035 $aFED01000781062 035 $a(Aleph)000781062FED01 035 $a000781062 100 $a20030801d--------km-y0itay50------ba 200 1 $a<>c.d."omologazione parziale" pp.160-168 463 0$1001000776947 610 0 $a 701 1$aGerbo,$bFrancesco$0240116 801 0$aIT$bUNINA$gRICA$2UNIMARC 901 $aBK 912 $a990007810620403321 959 $aDDCP 996 $aC.d."omologazione parziale" pp.160-168$9662447 997 $aUNINA DB $aGEN01